Mnogočleny Čebyševa / (Rekord nr 18255)
| 000 -LEADER | |
|---|---|
| fixed length control field | 00902cam a2200265 i 4500 |
| 005 - DATE AND TIME OF LATEST TRANSACTION | |
| control field | 20171212141536.0 |
| 008 - FIXED-LENGTH DATA ELEMENTS--GENERAL INFORMATION | |
| fixed length control field | 040329s1984 ru a f |000 0 rusoc |
| 035 ## - SYSTEM CONTROL NUMBER | |
| System control number | zz2004783558 |
| 039 #9 - LEVEL OF BIBLIOGRAPHIC CONTROL AND CODING DETAIL [OBSOLETE] | |
| Level of rules in bibliographic description | 201703221500 |
| Level of effort used to assign nonsubject heading access points | kopilwa |
| Level of effort used to assign subject headings | 201508170950 |
| Level of effort used to assign classification | vuam |
| Level of effort used to assign subject headings | 201309180932 |
| Level of effort used to assign classification | kopub |
| Level of effort used to assign subject headings | 201206150118 |
| Level of effort used to assign classification | VLOAD |
| -- | 200403291252 |
| -- | vumk |
| 040 ## - CATALOGING SOURCE | |
| Original cataloging agency | TOR U/MIRLa |
| Transcribing agency | TOR U/MIRLa |
| Modifying agency | TOR U/AP |
| -- | LUBL U/DP7 |
| 099 ## - LOCAL FREE-TEXT CALL NUMBER (OCLC) | |
| Classification number | hh_367634 |
| 100 1# - MAIN ENTRY--PERSONAL NAME | |
| Personal name | Danilov, Ûlij Aleksandrovič |
| Dates associated with a name | (1936-2003). |
| 245 10 - TITLE STATEMENT | |
| Title | Mnogočleny Čebyševa / |
| Statement of responsibility, etc | Û. A. Danilov. |
| 260 ## - PUBLICATION, DISTRIBUTION, ETC. (IMPRINT) | |
| Place of publication, distribution, etc | Minsk : |
| Name of publisher, distributor, etc | Vyšèjšaâ škola, |
| Date of publication, distribution, etc | 1984. |
| 300 ## - PHYSICAL DESCRIPTION | |
| Extent | 156, [4] s. : |
| Other physical details | il. ; |
| Dimensions | 17 cm. |
| 504 ## - BIBLIOGRAPHY, ETC. NOTE | |
| Bibliography, etc | Bibliogr. s. 154-155. |
| 546 ## - LANGUAGE NOTE | |
| Information code or alphabet | Alfabet cyryl. |
| 961 ## - | |
| -- | WA_310 |
| 966 ## - | |
| -- | POZN_U |
| 967 ## - ADDITIONAL ESTC CODES (RLIN) | |
| GNR (RLIN) | LUBL_U |
| 968 ## - | |
| -- | TOR_U |
| 973 ## - | |
| -- | KAT_U |
| 979 ## - | |
| -- | BSTOK_U |
Brak dostępnych egzemplarzy.